From authoritarian rule toward democratic governance : (Record no. 5115)

MARC details
000 -LEADER
fixed length control field 00687cam a2200217 4500
001 - CONTROL NUMBER
control field 6059
005 - DATE AND TIME OF LATEST TRANSACTION
control field 20181127180811.0
010 ## - LIBRARY OF CONGRESS CONTROL NUMBER
LC control number 2016411590
100 1# - MAIN ENTRY--PERSONAL NAME
Personal name Lowenthal, Abraham F.
245 10 - TITLE STATEMENT
Title From authoritarian rule toward democratic governance :
Remainder of title learning from political leaders /
Statement of responsibility, etc. Abraham F. Lowenthal and Sergio Bitar.
264 #1 - PRODUCTION, PUBLICATION, DISTRIBUTION, MANUFACTURE, AND COPYRIGHT NOTICE
Place of production, publication, distribution, manufacture Stockholm :
Name of producer, publisher, distributor, manufacturer International IDEA,
Date of production, publication, distribution, manufacture, or copyright notice 2015.
300 ## - PHYSICAL DESCRIPTION
Extent 71 pages ;
Dimensions 23 cm
336 ## - CONTENT TYPE
Content type term text
Content type code txt
Source rdacontent
337 ## - MEDIA TYPE
Media type term unmediated
Media type code n
Source rdamedia
338 ## - CARRIER TYPE
Carrier type term volume
Carrier type code nc
Source rdacarrier
500 ## - GENERAL NOTE
General note Essay.
650 #0 - SUBJECT ADDED ENTRY--TOPICAL TERM
Topical term or geographic name entry element Democratization.
Topical term or geographic name entry element Political leadership.
700 1# - ADDED ENTRY--PERSONAL NAME
Personal name Bitar, Sergio.
Holdings
Withdrawn status Lost status Source of classification or shelving scheme Damaged status Not for loan Collection code Home library Current library Shelving location Serial Enumeration / chronology Inventory number Total Checkouts Full call number Barcode Date last seen Copy number Price effective from Koha item type
    Dewey Decimal Classification     Main TEST RTC Library RTC Library Main opac 9581   321.8 LOW 30008230 27/11/2018 2 27/11/2018 Main
    Dewey Decimal Classification     Main TEST RTC Library RTC Library Main opac 9584   321.8 LOW 30008501 27/11/2018 5 27/11/2018 Main
    Dewey Decimal Classification     Main TEST RTC Library RTC Library Main opac 9580   321.8 LOW 30008377 27/11/2018 1 27/11/2018 Main
    Dewey Decimal Classification     Main TEST RTC Library RTC Library Main opac 9583   321.8 LOW 30008466 27/11/2018 4 27/11/2018 Main
    Dewey Decimal Classification     Main TEST RTC Library RTC Library Main opac 9582   321.8 LOW 30008345 27/11/2018 3 27/11/2018 Main
Royal Thimphu College || All Right Reserved